| 000 | 00537nam a22001817a 4500 | ||
|---|---|---|---|
| 005 | 20251108170837.0 | ||
| 008 | 250721s1989 xx 000 0 ara d | ||
| 082 | 1 | 4 | _a217.5/فضي |
| 100 | 1 | _aالفضيلات، جبر محمود | |
| 245 | 1 | 0 | _aأحكام اللعان / |
| 264 | 1 |
_aعمان : _bالدار عمار للنشر و التوزيع، _c1989. |
|
| 300 | _a108ص | ||
| 650 | 1 | 7 | _aالفقه المقارن |
| 650 | 1 | 7 | _aالطلاق |
| 650 | 1 | 7 | _aاللغات في الاسلام |
| 942 |
_2ddc _cBK |
||
| 999 |
_c50328 _d50328 |
||